00605pab a2200193 454500008004000000100001700040245008700057260000900144300001300153362001100166650002200177650001400199700002200213773003400235908000600269909001100275999001900286952010600305180718b2014 xxu||||| |||| 00| 0 eng d aVerma, Rahul aDoes media exposure affecting voting behaviour and political preferences in India? c2014 ap.82-88. a27 Sep aElections - India aElections aSardesai, Shreyas aEconomic and Political Weekly aN a105516 c105511d105511 00104070aIIPAbIIPAd2018-07-19hVolume no: 49, Issue no: 39pAR105976r2018-07-19w2018-07-19yAR